[Event "ROM-chT"]
[Site "Baile Tusnad"]
[Date "2005.05.23"]
[Round "3"]
[White "Sarkozi, Ferenc"]
[Black "Tantau, Adrian"]
[Result "1-0"]
[WhiteElo "1980"]
[BlackElo "2215"]
[PlyCount "79"]
[EventDate "2005.05.21"]
[EventType "team"]
[EventRounds "9"]
[EventCountry "ROU"]
[SourceTitle "CBM 106 Extra"]
[Source "ChessBase"]
[SourceDate "2005.07.01"]
[SourceVersion "1"]
[SourceVersionDate "2005.07.01"]
[SourceQuality "1"]

1. e4 c5 2. Nf3 Nc6 3. d4 cxd4 4. Nxd4 g6 5. Nc3 Bg7 6. Be3 Nf6 7. Be2 0-0 8. 0-0 d5 9. exd5 Nb4 10. d6 Qxd6 11. Bf3 a6 12. Qe2 Nbd5 13. Nxd5 Nxd5 14. Bxd5 Qxd5 15. c4 Qe4 16. Rad1 Bd7 17. f3 Qh4 18. Rfe1 e5 19. Bf2 Qg5 20. Nc2 Be6 21. b3 h5 22. Bg3 Bf5 23. Rd5 Rfd8 24. Ne3 Be6 25. f4 Qh6 26. Rxd8+ Rxd8 27. Bh4 Re8 28. Bg5 Qh8 29. Nd5 Bg4 30. Qd2 Kh7 31. h3 Bf5 32. Qe2 Bd7 33. f5 Bxf5 34. g4 Bd7 35. Rf1 Re6 36. Rxf7 Qe8 37. Qf1 Kg8 38. Ne7+ Kh8 39. gxh5 gxh5 40. Qf3 1-0

[Event "Revelionul Mileniului rapid"]
[Site "Revelionul"]
[Date "2000.??.??"]
[Round "?"]
[White "Berescu, Alin Mile"]
[Black "Tantau, Adrian"]
[Result "1/2-1/2"]
[WhiteElo "2465"]
[BlackElo "2235"]
[PlyCount "75"]
[EventDate "2000.??.??"]
[EventType "swiss"]
[EventRounds "7"]
[EventCountry "ROU"]
[SourceTitle "EXT 2004"]
[Source "ChessBase"]
[SourceDate "2003.11.25"]
[SourceVersion "1"]
[SourceVersionDate "2003.11.25"]
[SourceQuality "1"]

1. e4 c5 2. Nf3 g6 3. d4 cxd4 4. Nxd4 Bg7 5. c4 Nc6 6. Be3 d6 7. Nc3 Nh6 8. Be2 0-0 9. 0-0 f5 10. exf5 Bxd4 11. Bxh6 Rxf5 12. Qd2 Qb6 13. Kh1 Rf7 14. Rad1 Bf5 15. Bf3 Bxc3 16. Qxc3 Ne5 17. c5 Qxc5 18. Qxc5 dxc5 19. Bxb7 Rb8 20. Ba6 Rf6 21. Bf4 Rxa6 22. Bxe5 Rc8 23. a3 c4 24. Rd5 Rac6 25. Bd4 a6 26. Bc3 Rd6 27. Ra5 Kf7 28. f3 Rcc6 29. g4 Bd3 30. Rf2 Re6 31. Kg2 Re2 32. Rxe2 Bxe2 33. Kg3 h6 34. h4 Rd6 35. Re5 Re6 36. Kf2 Rxe5 37. Bxe5 Bd1 38. Ke3 1/2-1/2

[Event "ROM-ch sf"]
[Site "Baile Tusnad"]
[Date "2000.??.??"]
[Round "2"]
[White "Grunberg, Mihai Lucian"]
[Black "Tantau, Adrian"]
[Result "1-0"]
[WhiteElo "2409"]
[BlackElo "2253"]
[PlyCount "61"]
[EventDate "2000.05.??"]
[EventType "swiss"]
[EventRounds "11"]
[EventCountry "ROU"]
[SourceTitle "EXT 2001"]
[Source "ChessBase"]
[SourceDate "2000.11.22"]
[SourceVersion "1"]
[SourceVersionDate "2000.11.22"]
[SourceQuality "1"]

1. d4 f5 2. Nc3 g6 3. h4 Bg7 4. h5 Nc6 5. Nf3 d6 6. d5 Ne5 7. Nd4 c5 8. Ne6 Bxe6 9. dxe6 Qc8 10. Nd5 Kd8 11. g3 Qxe6 12. Bg2 Qd7 13. Bf4 Nf7 14. Qd2 Rb8 15. 0-0-0 Qb5 16. Nc3 Qb4 17. hxg6 hxg6 18. Rxh8 Bxh8 19. Bd5 Bxc3 20. bxc3 Qa3+ 21. Kb1 Ke8 22. Bxf7+ Kxf7 23. Qd5+ e6 24. Qxd6 Re8 25. Qe5 Qa4 26. Bg5 Qc6 27. f3 Kf8 28. Qh8 e5 29. Bh6+ Kf7 30. Qg7+ Ke6 31. Bg5 1-0

[Event "ROM-chT2"]
[Site "Baile Tusnad"]
[Date "2000.??.??"]
[Round "?"]
[White "Tantau, Adrian"]
[Black "Aldea, Laurentiu Ioan"]
[Result "0-1"]
[WhiteElo "2253"]
[BlackElo "2181"]
[PlyCount "67"]
[EventDate "2000.??.??"]
[EventType "team"]
[EventRounds "9"]
[EventCountry "ROU"]
[SourceTitle "EXT 2001"]
[Source "ChessBase"]
[SourceDate "2000.11.22"]
[SourceVersion "1"]
[SourceVersionDate "2000.11.22"]
[SourceQuality "1"]

1. e4 c5 2. Nf3 d6 3. d4 cxd4 4. Nxd4 Nf6 5. Nc3 a6 6. Be2 e5 7. Nb3 Be7 8. 0-0 0-0 9. a4 b6 10. f4 Bb7 11. Bf3 Nbd7 12. Kh1 Rc8 13. Qe1 Re8 14. f5 Bf8 15. Bg5 Qc7 16. Bh4 d5 17. exd5 e4 18. Bg3 exf3 19. Bxc7 Rxe1 20. Rfxe1 fxg2+ 21. Kxg2 Rxc7 22. Rad1 Bb4 23. Rd3 g6 24. Kg3 Bd6+ 25. Kh3 Ne5 26. Rde3 Nc4 27. Rf3 g5 28. Rf2 Nxb2 29. Ne4 Nxe4 30. Rxe4 h5 31. Re8+ Kh7 32. Rd2 Bf4 33. Rd4 Rxc2 34. Nd2 0-1

[Event "Bucharest3"]
[Site "Bucharest"]
[Date "2000.??.??"]
[Round "?"]
[White "Tantau, Adrian"]
[Black "Ionescu, Doru Alexandru"]
[Result "1-0"]
[WhiteElo "2250"]
[BlackElo "2330"]
[PlyCount "91"]
[EventDate "2000.??.??"]
[EventType "tourn"]
[EventRounds "11"]
[EventCountry "ROU"]
[EventCategory "2"]
[SourceTitle "EXT 2008"]
[Source "ChessBase"]
[SourceDate "2007.11.25"]
[SourceVersion "1"]
[SourceVersionDate "2007.11.25"]
[SourceQuality "1"]

1. e4 c5 2. Nf3 d6 3. d4 cxd4 4. Nxd4 Nf6 5. Nc3 a6 6. Be2 e6 7. 0-0 Be7 8. a4 0-0 9. Kh1 Qc7 10. f4 Nbd7 11. Bf3 Rd8 12. Qe2 Nb6 13. Re1 Nc4 14. b3 d5 15. e5 Ne4 16. Nxe4 dxe4 17. Qxe4 Bb4 18. Rd1 Bc3 19. Rb1 Nb6 20. Ba3 Nd5 21. Bd6 Qa5 22. Rd3 Bd7 23. f5 Rac8 24. fxe6 fxe6 25. Rf1 Nb4 26. Bxb4 Qxb4 27. Qxb7 Qc5 28. Rfd1 Qf8 29. Qxa6 Qe7 30. Qb7 Qh4 31. Nf5 exf5 32. Rxd7 Re8 33. Rxg7+ Kh8 34. g3 Qh3 35. Bg2 Qh6 36. Re7 Red8 37. Rf1 Rf8 38. Rc7 Rb8 39. Qd5 Rbd8 40. Qb5 Bd4 41. c3 Be3 42. Rc6 Qg7 43. Rd6 Rb8 44. Qd5 f4 45. Rd7 Qh6 46. Be4 1-0

[Event "Bucharest3"]
[Site "Bucharest"]
[Date "2000.??.??"]
[Round "?"]
[White "Tantau, Adrian"]
[Black "Radovanovic, Dusan"]
[Result "0-1"]
[WhiteElo "2250"]
[BlackElo "2295"]
[PlyCount "62"]
[EventDate "2000.??.??"]
[EventType "tourn"]
[EventRounds "11"]
[EventCountry "ROU"]
[EventCategory "2"]
[SourceTitle "EXT 2008"]
[Source "ChessBase"]
[SourceDate "2007.11.25"]
[SourceVersion "1"]
[SourceVersionDate "2007.11.25"]
[SourceQuality "1"]

1. e4 c5 2. Nf3 Nc6 3. d4 cxd4 4. Nxd4 Nf6 5. Nc3 e5 6. Ndb5 d6 7. Bg5 a6 8. Na3 b5 9. Nd5 Be7 10. Bxf6 Bxf6 11. c3 0-0 12. Nc2 Rb8 13. h4 Be7 14. Nce3 g6 15. h5 Bg5 16. a3 Be6 17. Be2 a5 18. b4 Ne7 19. hxg6 hxg6 20. Qd3 Nxd5 21. Nxd5 Kg7 22. Rd1 axb4 23. axb4 Rh8 24. Rxh8 Qxh8 25. Bf1 Qh4 26. Be2 Qh1+ 27. Bf1 Ra8 28. Qb1 Bg4 29. Rd3 Rh8 30. Rg3 Qxf1+ 31. Kxf1 Rh1# 0-1

[Event "Miercurea Ciuc op"]
[Site "Miercurea Ciuc"]
[Date "1998.??.??"]
[Round "5"]
[White "Pirau, Horatiu"]
[Black "Tantau, Adrian"]
[Result "0-1"]
[WhiteElo "2205"]
[BlackElo "2250"]
[PlyCount "82"]
[EventDate "1998.08.??"]
[EventType "swiss"]
[EventRounds "9"]
[EventCountry "ROU"]
[SourceTitle "EXT 2000"]
[Source "ChessBase"]
[SourceDate "1999.11.16"]
[SourceVersion "1"]
[SourceVersionDate "1999.11.16"]
[SourceQuality "1"]

1. c4 f5 2. Nc3 Nf6 3. g3 e5 4. Nf3 Nc6 5. d4 e4 6. Ng1 Be7 7. e3 0-0 8. h4 Rb8 9. Nh3 a6 10. d5 Ne5 11. Be2 d6 12. Nf4 Qe8 13. a4 c6 14. Kf1 Bd7 15. Kg2 Qf7 16. a5 Rfc8 17. Qb3 h6 18. Bd2 Bd8 19. Na4 cxd5 20. Nxd5 Nxd5 21. cxd5 Bxa4 22. Rxa4 Rc5 23. Bxa6 Qxd5 24. Qxd5+ Rxd5 25. Rd4 Rxd4 26. exd4 bxa6 27. dxe5 Rxb2 28. Bc1 Ra2 29. exd6 Bxa5 30. Be3 Kf7 31. Rb1 Ke6 32. Rb7 g5 33. h5 Kxd6 34. Rh7 Ke5 35. Kg1 f4 36. gxf4+ gxf4 37. Ba7 Bd2 38. Rxh6 f3 39. Rg6 Ra1+ 40. Kh2 Bf4+ 41. Kh3 Kf5 0-1

[Event "Miercurea Ciuc op"]
[Site "Miercurea Ciuc"]
[Date "1998.??.??"]
[Round "6"]
[White "Tantau, Adrian"]
[Black "Sofronie, Iulian"]
[Result "0-1"]
[WhiteElo "2250"]
[BlackElo "2405"]
[PlyCount "98"]
[EventDate "1998.08.??"]
[EventType "swiss"]
[EventRounds "9"]
[EventCountry "ROU"]
[SourceTitle "EXT 2000"]
[Source "ChessBase"]
[SourceDate "1999.11.16"]
[SourceVersion "1"]
[SourceVersionDate "1999.11.16"]
[SourceQuality "1"]

1. e4 e5 2. Nf3 Nc6 3. Bc4 g6 4. 0-0 Bg7 5. c3 d6 6. h3 Nf6 7. d3 0-0 8. Re1 Na5 9. Na3 a6 10. d4 exd4 11. cxd4 Nxc4 12. Nxc4 Nxe4 13. Rxe4 d5 14. Rh4 dxc4 15. Bh6 Bxh6 16. Rxh6 b5 17. Qd2 Bb7 18. Ng5 Qd5 19. f3 Rfd8 20. Rd1 f6 21. Nxh7 Kg7 22. Qf4 Rd6 23. Rh4 g5 24. Qg3 Re8 25. Rd2 Qf5 26. Kh2 Kf7 27. Rh6 Qf4 28. Qxf4 gxf4 29. g4 fxg3+ 30. Kxg3 Rg8+ 31. Kf4 Rg6 32. Rh4 Rd8 33. Rh5 Bd5 34. Re2 c6 35. h4 Be6 36. Re4 Rd5 37. Rxd5 Bxd5 38. Re2 Rh6 39. Ng5+ fxg5+ 40. hxg5 Rh3 41. Rf2 Kg6 42. a3 Rh4+ 43. Ke5 Kxg5 44. Rg2+ Kh6 45. Rg3 a5 46. f4 b4 47. axb4 axb4 48. f5 Re4+ 49. Kf6 Kh5 0-1